| 000 | 00619 a2200217 4500 | ||
|---|---|---|---|
| 999 |
_c345677 _d345677 |
||
| 003 | Nust | ||
| 005 | 20180117090013.0 | ||
| 008 | 161206b xxu||||| |||| 00| 0 eng d | ||
| 020 | _a9788177586480 | ||
| 022 | _a9788177586480 | ||
| 040 |
_a0 _c0 |
||
| 082 | _a338.5 | ||
| 100 | _aDwivedi,D.N. | ||
| 245 |
_aMicroeconomics _cD.N.Dwivedi |
||
| 250 | _a2nd ed. | ||
| 260 |
_aIndia _bPearson _c2003 |
||
| 300 | _a649p | ||
| 500 | _aPaper cover | ||
| 942 |
_cBK _k338.5 DWI _2ddc |
||